Minimální rusko-český a česko-ruský stavební slovník /

Hlavní autor: Strnad, Jan
Korporativní autor: Vysoké učení technické v Brně. Stavební fakulta
Další autoři: Ondroušek, Karel, 1929-
Jazyk: Čeština
Vydáno: Brno : Vysoké učení technické, 1979
Vydání: 1. vyd.
Edice: Učební texty vysokých škol
Fyzický popis: 57 s.
Knihy
Uloženo v:
LEADER 01057nam a22002652a 4500
001 000363636
003 CZ BrMZK
005 20090130133308.0
007 ta
008 010907s1979 xr f 000 0 cze d
040 |a BOA001  |b cze  |c BOA001 
080 |a 801.316.4:69=82=850  |2 MRF 
100 1 |a Strnad, Jan  |7 jx20040727040  |4 aut 
245 1 0 |a Minimální rusko-český a česko-ruský stavební slovník /  |c Jan Strnad, Karel Ondroušek 
250 |a 1. vyd. 
260 |a Brno :  |b Vysoké učení technické,  |c 1979 
300 |a 57 s. 
490 1 |a Učební texty vysokých škol 
700 1 |a Ondroušek, Karel,  |d 1929-  |7 stk2009428722  |4 aut 
710 2 |a Vysoké učení technické v Brně.  |b Stavební fakulta  |7 kn20010709423 
810 2 |a Vysoké učení technické v Brně.  |t Učební texty vysokých škol  |0 s 
910 |a BOA001  |b 4-0804.787 
990 |a BK 
996 6 |b 2619342008  |c 4-0804.787  |l MZK  |r Sklad / do 1 hodiny  |n 0  |w 000363636  |u 000020  |a 1  |e BOA001  |j MZK50  |s P 
996 7 |b 2619825412  |c 4-0804.787  |l MZK  |r Sklad / do 1 hodiny  |n 15  |w 000363636  |u 000010  |a 1  |e BOA001  |j MZK50  |s A